El gran engaño / (Record no. 18527)

MARC details
000 -LEADER
campo de control de longitud fija 01037nam a2200301 4500
001 - NÚMERO DE CONTROL
campo de control 18527
003 - IDENTIFICADOR DE NÚMERO DE CONTROL
campo de control ES-MaACL
005 - FECHA Y HORA DE LA ÚLTIMA TRANSACCIÓN
campo de control 20230906151847.0
007 - CAMPO FIJO DE DESCRIPCIÓN FÍSICA--INFORMACIÓN GENERAL
campo de control de longitud fija t|
008 - DATOS DE LONGITUD FIJA--INFORMACIÓN GENERAL
campo de control de longitud fija 020129s1984 sp ||||0| spa d
020 ## - NÚMERO INTERNACIONAL ESTÁNDAR DEL LIBRO
Número Internacional Estándar del Libro 84-217-4129-2
080 ## - NÚMERO DE LA CLASIFICACIÓN DECIMAL UNIVERSAL
Número de la Clasificación Decimal Universal 946.0"1931/39"
100 1# - ENTRADA PRINCIPAL--NOMBRE DE PERSONA
Nombre de persona Bolloten, Burnett.
9 (RLIN) 29995
245 13 - MENCIÓN DEL TÍTULO
Título El gran engaño /
Mención de responsabilidad, etc. Burnett Bolloten ; [traducción, Carlos López, Carmen Downs de McGhee y Luis Sierra P. de León].
250 ## - MENCION DE EDICION
Mención de edición 2ª ed.
260 ## - PUBLICACIÓN, DISTRIBUCIÓN, ETC.
Lugar de publicación, distribución, etc. [Barcelona] :
Nombre del editor, distribuidor, etc. Luis de Caralt,
Fecha de publicación, distribución, etc. 1984.
300 ## - DESCRIPCIÓN FÍSICA
Extensión 355 p ;
Dimensiones 18 cm.
490 1# - MENCIÓN DE SERIE
Mención de serie Biblioteca universal contemporánea ;
Designación de volumen o secuencia 26
504 ## - NOTA DE BIBLIOGRAFÍA, ETC.
Nota de bibliografía, etc. Bibliografía: p. [339]-353.
650 14 - PUNTO DE ACCESO ADICIONAL DE MATERIA--TÉRMINO DE MATERIA
Término de materia o nombre geográfico como elemento de entrada Comunismo-
Subdivisión geográfica España-
Subdivisión cronológica 1931-1939.
9 (RLIN) 11218
651 #4 - PUNTO DE ACCESO ADICIONAL DE MATERIA--NOMBRE GEOGRÁFICO
Nombre geográfico España-
Subdivisión general Historia-
Subdivisión cronológica 1936-1939, Guerra civil.
9 (RLIN) 8292
700 1# - ENTRADA AGREGADA--NOMBRE PERSONAL
Nombre de persona López, Carlos.
9 (RLIN) 73314
700 1# - ENTRADA AGREGADA--NOMBRE PERSONAL
Nombre de persona Downs de McGhee, Carmen.
9 (RLIN) 45542
700 1# - ENTRADA AGREGADA--NOMBRE PERSONAL
Nombre de persona Sierra P. de León, Luis.
9 (RLIN) 106282
830 1# - PUNTO DE ACCESO ADICIONAL DE SERIE-TÍTULO UNIFORME
Título uniforme Biblioteca universal contemporánea ;
Designación de volumen o secuencia 26
9 (RLIN) 180464
852 ## - LOCALIZACIÓN
Ubicación ES-MaACL
Número de control de estantería G-271
Holdings
Estatus retirado Estado de pérdida Estado de daño No para préstamo Biblioteca de origen Biblioteca actual Ubicación en estantería Fecha de adquisición Fuente de adquisición Total de préstamos Signatura topográfica completa Código de barras Visto por última vez Precio de reemplazo Tipo de ítem Koha
        Biblioteca del Ateneo de Madrid Biblioteca del Ateneo de Madrid Depósito 2 17/01/2008     G-271 1018960 23/02/2023 23/02/2023 Libro impreso